LEADER 02204nam 2200433 n 450 001 996384874203316 005 20221108010858.0 035 $a(CKB)4940000000074357 035 $a(EEBO)2248524964 035 $a(UnM)ocm11964045e 035 $a(UnM)11964045 035 $a(EXLCZ)994940000000074357 100 $a19850425d1688 uy 101 0 $aeng 135 $aurbn||||a|bb| 200 00$aGesta Grayorum: or, The history of the high and mighty prince, Henry$b[electronic resource] $ePrince of Purpoole, Arch-Duke of Stapulia and Bernardia, Duke of High and Nether Holborn, Marquis of St. Giles and Tottenham, Count Palatine of Bloomsbury and Clerkenwell, Great Lord of the Cantons of Islington, Kentish-Town, Paddington and Knights-bridge, Knight of the most heroical Order of the Helmet, and sovereign of the same; who reigned and died, A.D. 1594. Together with a masque, as it was presented (by His Highness's command) for the entertainment of Q. Elizabeth; who, with the nobles of both courts, was present thereat 210 $aLondon $cPrinted for W. Canning, at his shop in the Temple-Cloysters$dMDCLXXXVIII. [1688] 215 $a[4], 68 p 300 $aAn apparently genuine account of one of the revels of the Inns of Court. 300 $aThe speeches of the six counsellors have been attributed to Francis Bacon, the Masque of Proteus to Francis Davison. 300 $aEditor's dedication signed: W.C., i.e. William Canning. 300 $aTitle page in red and black; at foot: Price, one shilling. 300 $aP. 68 duplicated on film. 300 $aReproduction of original in the British Library. 330 $aeebo-0014 606 $aPolitical satire, English$vEarly works to 1800 615 0$aPolitical satire, English 700 $aCanning$b William$01012751 701 $aBacon$b Francis$f1561-1626.$0159133 701 $aDavison$b Francis$f1575?-1619?$01011261 702 $aCanning$b William$ffl. 1686-1690, 712 02$aGray's Inn. 801 0$bCu-RivES 801 1$bCu-RivES 801 2$bCStRLIN 906 $aBOOK 912 $a996384874203316 996 $aGesta Grayorum: or, The history of the high and mighty prince, Henry$92352646 997 $aUNISA